Hugo's baby brother

Bibliographic Details
Main Author: Moers, Hermann
Other Authors: Wilkon, Jozef (illustrated)
Format: Book
Published: New York : North-South Books , 1992
Subjects:

MARC

LEADER 00000cam a2200000 7i4500
001 0000008694
002 000009474
005 20000330.0
020 |a 1558581375 
090 0 0 |a JF   |b MOE 
100 0 |a Moers, Hermann 
245 1 0 |a Hugo's baby brother   |c Hermann Moers ; illustrated by Jozef Wilkon 
260 |a New York :   |b North-South Books ,   |c 1992 
300 |a p.v. :   |b ill. ;   |c 35cm. 
650 0 0 |a Children's stories 
700 1 |a Wilkon, Jozef ,   |e illustrated 
999 |a 052464   |b BUKU   |c PINJAMAN   |e PERPUSTAKAAN KOMUNITI PETALING JAYA